| 000 | 00724nam a2200205Ia 4500 | ||
|---|---|---|---|
| 999 |
_c35275 _d35275 |
||
| 001 | 1124 | ||
| 003 | GE_BSU | ||
| 005 | 20220923143917.0 | ||
| 008 | 181216s2003||||rus|||||||||||||| ||ru || | ||
| 020 | _a587057188Х | ||
| 040 | _cGE_BSU | ||
| 080 | _a339.138(075.8) Ф-27 | ||
| 100 |
_aФатхудинов, Р. А. _914741 |
||
| 245 |
_aСтратегический маркетинг : _bУч-к для студ. высш. учебн. завед. _cР. А.Фатхудинов. |
||
| 264 |
_aМосква : _bБизнес-школа "Интел-синтез'', _c2000. |
||
| 300 | _a638 стр. | ||
| 653 | _aСтратегический маркетинг | ||
| 653 | _aმარკეტინგი | ||
| 942 |
_cBK _2udc |
||